| 000 | 00000cas 2200000za 4500 |
| 001 | 9.851076 |
| 003 | CaOODSP |
| 005 | 20260515133247 |
| 007 | cr ||||||||||| |
| 008 | 180202c20179999qucmr pso||||f0 a0eng|d |
| 022 | |a2561-5106 |
| 040 | |aCaOODSP|beng |
| 043 | |an-cn--- |
| 086 | 1 |aD16-4E-PDF|zFs151-19E-PDF |
| 222 | 0|aNotices to mariners, monthly summary of (T) and (P) notices |
| 245 | 00|aNotices to mariners, monthly summary of (T) and (P) notices |h[electronic resource]. |
| 246 | 33|aNotices to mariners, monthly summary of temporary and preliminary notices |
| 246 | 33|aNotices to mariners, monthly reprint of temporary and preliminary notices in effect as of ... |
| 260 | |a[Montreal] : |bFisheries and Oceans Canada, Canadian Coast Guard, |c[2017]- |
| 310 | |aMonthly |
| 362 | 1 |aBegan with: Monthly edition no. 01, January 27, 2017. |
| 500 | |aIssued also in French under title: Avis aux navigateurs, sommaire mensuel des avis (T) et (P). |
| 550 | |aIssued by Canadian Coast Guard Programs, Central and Arctic Region, Aids to Navigation and Waterways. |
| 692 | 07|2gccst|aMarine safety |
| 710 | 2 |aCanadian Coast Guard. |
| 775 | 08|tAvis aux navigateurs, sommaire mensuelle des avis (T) et (P) |w(CaOODSP)9.851077 |